[Event "AUTO-ADV-671"]
[Site "http://www.queenalice.com/game.php?id=282168"]
[Date "2007.10.6"]
[Round "1"]
[White "jbrcron"]
[Black "feripe"]
[Result "0-1"]
[WhiteElo "1640"]
[BlackElo "1821"]

1. d4 c6 2. e4 d5 3. e5 e6 4. Nf3 f6 5. exf6 Nxf6 6. Bg5 Be7 7. Ne5 O-O 8. Bd3
Ne4 9. Bxe7 Qxe7 10. Nc3 Qf6 11. Bxe4 Qxf2# 0-1

[Event "AUTO-ADV-671"]
[Site "http://www.queenalice.com/game.php?id=282177"]
[Date "2007.10.6"]
[Round "1"]
[White "jbrcron"]
[Black "muppyman"]
[Result "0-1"]
[WhiteElo "1435"]
[BlackElo "1989"]

1. d4 d5 2. Nf3 Nf6 3. b3 e6 4. Bb2 Be7 5. Nc3 O-O 6. e3 c6 7. Bd3 Nbd7 8. Ng5
h6 9. Nh3 Re8 10. O-O e5 11. dxe5 Nxe5 12. Nf4 Nxd3 13. cxd3 Bd6 14. Nce2 Be6
15. Nxe6 Rxe6 16. d4 Rc8 0-1

[Event "AUTO-ADV-671"]
[Site "http://www.queenalice.com/game.php?id=282178"]
[Date "2007.10.6"]
[Round "1"]
[White "muppyman"]
[Black "jbrcron"]
[Result "1-0"]
[WhiteElo "1980"]
[BlackElo "1521"]

1. e4 e5 2. Nf3 Nf6 3. Nxe5 Qe7 4. Nf3 Qxe4+ 5. Be2 Bc5 6. d3 Bb4+ 7. c3 Qg4 8.
O-O Bd6 9. Nbd2 O-O 10. Nc4 Bf4 11. Nfe5 Qg5 12. Bxf4 Qxf4 13. Re1 b5 14. Bf3 c6
15. Nd6 Na6 16. Ndxf7 1-0

[Event "Challenge"]
[Site "http://www.queenalice.com/game.php?id=290292"]
[Date "2007.10.20"]
[Round "-"]
[White "Leofelix"]
[Black "jbrcron"]
[Result "0-1"]
[WhiteElo "1401"]
[BlackElo "1586"]

1. d4 d5 2. Nc3 Nf6 3. Bf4 a6 4. f3 e6 5. h3 Bb4 6. a3 Bxc3+ 7. bxc3 O-O 8. e3
b6 9. c4 Bb7 10. Bd3 Nh5 11. h4 Nxf4 12. exf4 c6 13. Ne2 b5 14. cxd5 cxd5 0-1

[Event "AUTO-INT-689"]
[Site "http://www.queenalice.com/game.php?id=306626"]
[Date "2007.11.19"]
[Round "1"]
[White "berguette"]
[Black "jbrcron"]
[Result "1-0"]
[WhiteElo "1379"]
[BlackElo "1497"]

1. e4 e5 2. Nf3 Nc6 3. Bc4 h6 4. Nh4 Qxh4 5. Qf3 Qf6 6. O-O Qxf3 7. gxf3 d6 8.
Nc3 Nd4 9. Nd5 Kd7 10. c3 Nxf3+ 11. Kg2 Nh4+ 12. Kg1 c6 13. Nb4 Kc7 14. Re1 1-0

[Event "AUTO-INT-689"]
[Site "http://www.queenalice.com/game.php?id=306627"]
[Date "2007.11.19"]
[Round "1"]
[White "jbrcron"]
[Black "berguette"]
[Result "0-1"]
[WhiteElo "1519"]
[BlackElo "1357"]

1. e4 e5 2. Nf3 Nc6 3. d3 Nf6 4. Bg5 Bc5 5. a4 Nd4 6. Nxd4 h6 7. Bxf6 Qxf6 8.
Nf3 O-O 9. Nc3 c6 10. Be2 b5 11. axb5 Qd6 12. bxc6 Bb6 13. cxd7 Qc5 14. O-O Bxd7
0-1

[Event "AUTO-ADV-718"]
[Site "http://www.queenalice.com/game.php?id=306655"]
[Date "2007.11.19"]
[Round "1"]
[White "Renatogr90"]
[Black "jbrcron"]
[Result "1-0"]
[WhiteElo "1621"]
[BlackElo "1457"]

1. e4 e5 2. Nf3 d6 3. d4 exd4 4. Qxd4 h6 5. Bc4 Nc6 6. Qc3 Nf6 7. Be3 Nxe4 8.
Qa3 d5 9. Qd3 Nxf2 10. Bxf2 dxc4 11. Qxc4 1-0

[Event "AUTO-ADV-718"]
[Site "http://www.queenalice.com/game.php?id=306656"]
[Date "2007.11.19"]
[Round "1"]
[White "jbrcron"]
[Black "Renatogr90"]
[Result "0-1"]
[WhiteElo "1448"]
[BlackElo "1630"]

1. e4 e5 2. Nf3 Nc6 3. d3 d5 4. exd5 Qxd5 5. Nc3 Qe6 6. Be2 Bb4 7. Bd2 Bxc3 8.
Bxc3 Nf6 9. O-O Ng4 10. h3 Nh6 11. d4 exd4 0-1

[Event "AUTO-ADV-718"]
[Site "http://www.queenalice.com/game.php?id=306673"]
[Date "2007.11.19"]
[Round "1"]
[White "jbrcron"]
[Black "anax"]
[Result "0-1"]
[WhiteElo "1437"]
[BlackElo "1834"]

1. e4 e6 2. d4 d5 3. e5 h6 4. Nf3 f6 5. Nc3 Nc6 6. Bb5 Bd7 7. exf6 Nxf6 8. Ne5
Nxe5 9. dxe5 Bxb5 10. exf6 Bc6 11. f7+ Kxf7 12. O-O Qf6 0-1

[Event "AUTO-ADV-718"]
[Site "http://www.queenalice.com/game.php?id=306674"]
[Date "2007.11.19"]
[Round "1"]
[White "anax"]
[Black "jbrcron"]
[Result "1-0"]
[WhiteElo "1832"]
[BlackElo "1439"]

1. d4 d5 2. e3 Nf6 3. h3 Nc6 4. a3 e6 5. Nc3 Bd6 6. Nf3 Bd7 7. Bd3 O-O 8. Bd2 a6
9. Qe2 h6 10. O-O-O b5 11. e4 dxe4 12. Nxe4 1-0

[Event "AUTO-ADV-718"]
[Site "http://www.queenalice.com/game.php?id=306675"]
[Date "2007.11.19"]
[Round "1"]
[White "jbrcron"]
[Black "pedrogarciass"]
[Result "0-1"]
[WhiteElo "1553"]
[BlackElo "1757"]

1. e4 e5 2. Nf3 d6 3. g3 Bg4 4. Bg2 Bxf3 5. Qxf3 Nc6 6. c3 Nf6 7. d3 h6 8. O-O
Be7 9. Be3 Qd7 10. b4 O-O 0-1

[Event "AUTO-OPEN-907"]
[Site "http://www.queenalice.com/game.php?id=306781"]
[Date "2007.11.19"]
[Round "1"]
[White "chiknya"]
[Black "jbrcron"]
[Result "1-0"]
[WhiteElo "1194"]
[BlackElo "1392"]

1. d4 d5 2. Nf3 Nc6 3. Bf4 e6 4. e3 h6 5. Bd3 Nf6 6. Ne5 Bd7 7. c3 Qe7 8. Nd2
O-O-O 9. Qb3 g5 10. Bg3 Ne4 11. Nxe4 Na5 12. Qc2 f6 13. Ng6 1-0

[Event "AUTO-OPEN-907"]
[Site "http://www.queenalice.com/game.php?id=306782"]
[Date "2007.11.19"]
[Round "1"]
[White "jbrcron"]
[Black "chiknya"]
[Result "0-1"]
[WhiteElo "1392"]
[BlackElo "1229"]

1. e4 b6 2. Nf3 Bb7 3. e5 e6 4. d4 Ne7 5. c4 d5 6. Nc3 Nf5 7. b3 Bb4 8. Bd2 c5
9. dxc5 Bxc5 10. Be2 O-O 11. O-O dxc4 0-1

[Event "AUTO-OPEN-907"]
[Site "http://www.queenalice.com/game.php?id=306799"]
[Date "2007.11.19"]
[Round "1"]
[White "jbrcron"]
[Black "erbe"]
[Result "0-1"]
[WhiteElo "1402"]
[BlackElo "1552"]

1. e4 c5 2. d4 cxd4 3. Nf3 e5 4. Nxe5 Qa5+ 5. Bd2 Qxe5 6. Bd3 Nc6 7. O-O Bd6 8.
g3 Nf6 9. Bf4 Qe6 10. Bxd6 Qxd6 11. Re1 O-O 12. Bb5 a6 13. e5 Nxe5 0-1